ბათუმის შოთა რუსთაველის სახელმწიფო უნივერსიტეტის ბიბლიოთეკა

Педагогические сочинения: (ბიბ.ჩანაწერი № 36336)

000 -LEADER
fixed length control field 00988nam a2200253Ia 4500
001 - CONTROL NUMBER
control field 2244
003 - CONTROL NUMBER IDENTIFIER
control field GE_BSU
005 - DATE AND TIME OF LATEST TRANSACTION
control field 20221021130939.0
008 - FIXED-LENGTH DATA ELEMENTS--GENERAL INFORMATION
fixed length control field 181216s1981ru xx |||||||||||||| ||rus||
040 ## - CATALOGING SOURCE
Transcribing agency GE_BSU
041 ## - LANGUAGE CODE
Language code of text/sound track or separate title rus
080 ## - UNIVERSAL DECIMAL CLASSIFICATION NUMBER
Universal Decimal Classification number 37.01 Р-88
100 ## - MAIN ENTRY--PERSONAL NAME
Personal name Русо, Ж-Ж.
9 (RLIN) 15449
245 ## - TITLE STATEMENT
Title Педагогические сочинения:
Remainder of title В 2-х. томах.Т.1 /
Statement of responsibility, etc. Ж-Ж. Русо, Под. ред. Г.Н. Джибладзе; Сост. А.Н.Джуринский
264 ## - PRODUCTION, PUBLICATION, DISTRIBUTION, MANUFACTURE, AND COPYRIGHT NOTICE
Place of production, publication, distribution, manufacture Москва :
Name of producer, publisher, distributor, manufacturer Педагогика,
Date of production, publication, distribution, manufacture, or copyright notice 1981.
300 ## - PHYSICAL DESCRIPTION
Extent 653 с.:
440 ## - SERIES STATEMENT/ADDED ENTRY--TITLE
Title (Педагогическая биб-ка)
9 (RLIN) 15450
653 ## - INDEX TERM--UNCONTROLLED
keyword Педагогические сочинения
653 ## - INDEX TERM--UNCONTROLLED
keyword პედაგოგიური ნარკვევები
700 ## - ADDED ENTRY--PERSONAL NAME
Personal name Джибладзе, Г.Н.
Relator term რედაქტორი
9 (RLIN) 15451
700 ## - ADDED ENTRY--PERSONAL NAME
Personal name Джуринский, А.Н.
Relator term შემდგენელი
9 (RLIN) 15452
942 ## - ADDED ENTRY ELEMENTS (KOHA)
Koha item type წიგნი
Source of classification or shelving scheme
ეგზემპლარები
Withdrawn status Lost status Source of classification or shelving scheme Damaged status Not for loan Permanent Location Current Location Shelving location Date acquired Cost, normal purchase price Full call number Barcode Date last seen Copy number Price effective from Koha item type Public note
          ბათუმის შოთა რუსთაველის სახელმწიფო უნივერსიტეტის მთავარი ბიბლიოთეკა ბათუმის შოთა რუსთაველის სახელმწიფო უნივერსიტეტის მთავარი ბიბლიოთეკა წიგნსაცავი 2018-12-17 20.00 37.01 Р-88 4359 2018-12-17 4359 2018-12-17 წიგნი 20.00